| 000 | 00588nam a2200205Ia 4500 | ||
|---|---|---|---|
| 005 | 20250508153049.0 | ||
| 008 | 008 250505s9999 xx 000 0 eng d | ||
| 037 | _aTextual | ||
| 040 |
_aFEDL _beng _cFEDL |
||
| 041 |
_aeng _2eng |
||
| 084 |
_a506.3, IND _qFEDL |
||
| 245 | 0 | _aProceedings of the forty - fifth Indian science congress | |
| 245 | 0 | _cIndia, Education (Ministry...) | |
| 300 | _a569p | ||
| 365 | _aGifted | ||
| 490 | _vPt 3 | ||
| 650 |
_aScience Education; Indian Science Congress _9763094 |
||
| 942 |
_cTEXL _h506.3, IND |
||
| 999 |
_c1340472 _d1340472 |
||